Manual del exportador hortofrutícola 88-89

সংরক্ষণ করুন:
গ্রন্থ-পঞ্জীর বিবরন
সংস্থা লেখক: Fundación Chile. Departamento Agroindustrial (Author)
বিন্যাস: গ্রন্থ
ভাষা:স্প্যানিশ
প্রকাশিত: Santiago La Fundación 1988
বিষয়গুলি:
ট্যাগগুলো: ট্যাগ যুক্ত করুন
কোনো ট্যাগ নেই, প্রথমজন হিসাবে ট্যাগ করুন!

MARC

LEADER 00000nam a2200000 a 4500
001 UCV3722
003 CL-VaPUC
008 910801e19880000CL |||||||||||||||||spa|d
082 0 4 |a 382.414  |b FUN  |2 21 
110 2 |a Fundación Chile. Departamento Agroindustrial  |e author  |9 298035 
245 1 0 |a Manual del exportador hortofrutícola 88-89 
300 |a 335 p 
942 |c BK 
945 |d 19910801 00:00:00 
260 |a Santiago  |b La Fundación  |c 1988 
650 0 |a Frutas  |9 259500 
650 0 |a Comercialización   |9 259326 
650 0 |a Hortalizas  |9 259501 
650 0 |a Productos hortícolas   |9 259631 
651 7 |a CHILE  |2 CL-VaPUC  |9 298036 
583 |a last modification  |c 19910801 00:00:00  |k Rodrigo Vera 
999 |c 210860  |d 210858 
952 |0 0  |1 0  |4 0  |6 382_414000000000000_FUN_1988  |7 0  |8 A  |9 187795  |a BIBALI  |b BIBALI  |c GEN  |d 2019-11-14  |i 2553228  |o 382.414 FUN 1988  |p 2553228  |r 2025-01-20  |w 2019-11-14  |y BK  |k ALI